Reflexiones sobre contracultura y juventud. Implicaciones científicas y sociales de su utilización en el pensamiento social /
Guardado en:
| 主要作者: | |
|---|---|
| 其他作者: | |
| 格式: | Texto |
| 标签: |
添加标签
没有标签, 成为第一个标记此记录!
|
MARC
| LEADER | 00000 a a2200000 04500 | ||
|---|---|---|---|
| 001 | 48891 | ||
| 003 | |||
| 040 | |||
| 100 | |a Pérez García, Federico | ||
| 245 | |a Reflexiones sobre contracultura y juventud. |b Implicaciones científicas y sociales de su utilización en el pensamiento social / |c Federico Pérez García; Misael S. Vargas | ||
| 700 | |a Vargas , Misael S. | ||
| 773 | |g páginas 22-30 | ||
| 999 | |c 23202 |d 23202 | ||
